| 000 | 00944nam a22002897a 4500 | ||
|---|---|---|---|
| 003 | CHAP | ||
| 005 | 20220329140037.0 | ||
| 008 | 971013s r 10010 d | ||
| 010 | _a46116 | ||
| 011 | _a47088 | ||
| 035 | _a51229 | ||
| 040 | _cCHAP | ||
| 082 |
_a632.96 _bR4 1975 |
||
| 111 | 0 | 0 |
_aReunión de Técnicos en Control Biológico y Representantes de Organismos Auxiliares de Sanidad Vegetal ( _n3 _d: 1974). _996341 |
| 245 | _aMemoria | ||
| 260 |
_a(s.l.) : _b(s.e.), _c(s.a.) |
||
| 300 | _aPag. varía | ||
| 590 |
_aBATCH-UPD _b10 _c20130110 _lUCH01 _h2027 |
||
| 590 |
_aBATCH-UPD _b10 _c20130410 _lUCH01 _h1344 |
||
| 590 |
_aBATCH-UPD _b10 _c20130914 _lUCH01 _h1046 |
||
| 590 |
_aCONVERSION _b10 _c20130109 _lUCH01 _h1325 |
||
| 650 | 1 | 4 |
_aControl biológico de plagas. _927587 |
| 650 | 1 | 4 |
_aSanidad Vegetal _xCongresos. _9102227 |
| 901 | _aBK | ||
| 942 | _cLIBRO | ||
| 949 |
_a632.96 R4 1975 _bBC _cLIBRO _d-114730 _eLIBRO _h35706 _i51229 _si |
||
| 999 |
_c46116 _d46116 |
||